00654nam a2200193 a 450000100100000000500170001000800410002702000150006804000130008308200180009624500890011426000790020330000280028250000380031050400540034865000160040265000200041865000220043800000622920250509170321.0090827s2006 dr a 000 0 spa d a9945415123 aDO-SdBNP a306.43bE244g00aEducación, globalización y desarrollo humano /cRadhamés Mejía... [et. al.]. aSanto Domingo :bPontificia Universidad Católica Madre y Maestra,c2006. a178 p. :bil. ;c22 cm. aIncluye notas al pie de páginas aIncluye referencias bibliográficas (p. 165-166) 0aEducación 0aGlobalización 4aDesarrollo humano